Netaji Subhash; (Record no. 208560)
[ view plain ]
| 000 -LEADER | |
|---|---|
| fixed length control field | 00889nam a22002657a 4500 |
| 005 - DATE AND TIME OF LATEST TRANSACTION | |
| control field | 20250116153809.0 |
| 010 ## - LCCN (DPL NO) | |
| LC control number | ENG-143499 ENG-143500 |
| 020 ## - INTERNATIONAL STANDARD BOOK NUMBER | |
| International Standard Book Number | 9788175055292 |
| Terms of availability | 400.00 |
| 020 ## - INTERNATIONAL STANDARD BOOK NUMBER | |
| International Standard Book Number | 9788175055308 |
| Terms of availability | 400.00 |
| 035 ## - SYSTEM CONTROL NUMBER | |
| System control number | EN-127031 |
| 035 ## - SYSTEM CONTROL NUMBER | |
| System control number | EN-127032 |
| 037 ## - SOURCE OF ACQUISITION | |
| Source of stock number/acquisition | DBAD |
| 082 ## - DEWEY DECIMAL CLASSIFICATION NUMBER | |
| Classification number | 923.254 |
| 245 ## - TITLE STATEMENT | |
| Title | Netaji Subhash; |
| Remainder of title | A Life Illumined b the light of Swami Vivekananda |
| 250 ## - EDITION STATEMENT | |
| Edition statement | First |
| 260 ## - PUBLICATION, DISTRIBUTION, ETC. (IMPRINT) | |
| Place of publication, distribution, etc | Adhyaksha, Advaita Ashrama Mayavati, Champawat, Uttrakhand |
| Name of publisher, distributor, etc | Swami Shuddhidananda |
| Date of publication, distribution, etc | 2023 |
| 270 ## - ADDRESS | |
| Address | Adhyaksha, Advaita Ashrama Mayavati, Champawat, Uttrakhand |
| City | Champawat, Uttrakhand |
| 300 ## - PHYSICAL DESCRIPTION | |
| Extent | xvii,645p. |
| Dimensions | 25cm (pbk) |
| 300 ## - PHYSICAL DESCRIPTION | |
| Extent | vii,504p. |
| Dimensions | 25cm (pbk) |
| 490 ## - SERIES STATEMENT | |
| Volume number/sequential designation | Vol.1 |
| 490 ## - SERIES STATEMENT | |
| Volume number/sequential designation | Vol.2 |
| 700 ## - ADDED ENTRY--PERSONAL NAME | |
| Personal name | Swami Chaitanyananda (Editor) |
| 9 (RLIN) | 76686 |
| 700 ## - ADDED ENTRY--PERSONAL NAME | |
| Personal name | Swami Gunottarananda (Editor) |
| 9 (RLIN) | 76687 |
| 942 ## - ADDED ENTRY ELEMENTS (KOHA) | |
| Source of classification or shelving scheme | Dewey Decimal Classification |
| Item type | English Books |
| Classification part | 923.254 |
| Call number suffix | Net |
| Withdrawn status | Lost status | Materials specified (bound volume or other part) | Not for loan | Collection code | Home library | Current library | Date acquired | Source of acquisition | Cost, normal purchase price | Full call number | Barcode | Copy number | Cost, replacement price | Koha item type |
|---|---|---|---|---|---|---|---|---|---|---|---|---|---|---|
| Vol.1 | Non-fiction | D.B.Act.Division | D.B.Act.Division | 16/01/2025 | DBAD | 400.00 | 923.254 Net | EN-127031 | 1 | 400.00 | English Books | |||
| Vol.2 | Non-fiction | D.B.Act.Division | D.B.Act.Division | 16/01/2025 | DBAD | 400.00 | 923.254 Net | EN-127032 | 1 | 400.00 | English Books |
